000 00258nam a22001097a 4500
082 _a808.22ج ا و
100 _aسید جاوید اختر
245 _aپلٹی ہوءی آواز
260 _aبہاول پور
_c۱۹۹۱
300 _a۱۸۴
942 _cBK
999 _c15065
_d15065